000 00674nam a2200217Ia 4500
008 191130s2007##################000#0#eng##
020 _a9780820498911
022 _a2007451766
040 _aACL
_cACL
082 _a496.32 WIL
245 _aGuinea languages of the Atlantic group : description and internal classification
_cWilliam A. A. Wilson ; edited by Anne Storch
260 _aBern
_bPeter Lang
_c2007
300 _a271 p. ; 21 cm
650 _aAfrica, West - Languages
650 _aAfrican languages
650 _aGuinea - Languages
700 _aWilson, William A. A
990 _a925ea416ac10000c229a14836dbbcd1b
991 _a416349
999 _c199245
_d199245